[Event "Kouty nad Desnou op-A"]
[Site "Kouty nad Desnou"]
[Date "2017.03.18"]
[Round "9"]
[White "Kosut, Tomas"]
[Black "Homolkova, Ivana"]
[Result "1-0"]
[WhiteElo "1815"]
[BlackElo "1783"]
[PlyCount "57"]
[EventDate "2017.03.11"]
[EventType "swiss"]
[EventRounds "9"]
[EventCountry "CZE"]
[SourceTitle "CBM 177 Extra"]
[Source "ChessBase"]
[SourceDate "2017.04.27"]
[SourceVersion "1"]
[SourceVersionDate "2017.04.27"]
[SourceQuality "1"]

1. e4 Nf6 2. Nc3 d5 3. exd5 Nxd5 4. Nxd5 Qxd5 5. d4 Nc6 6. c3 e5 7. Nf3 Bg4 8. Be2 exd4 9. 0-0 0-0-0 10. Nxd4 Bxe2 11. Qxe2 Nxd4 12. cxd4 Qxd4 13. Be3 Qd3 14. Qg4+ Qd7 15. Qf3 a6 16. Rfd1 Bd6 17. Bf4 f5 18. Rac1 Kb8 19. Rd5 g6 20. Rcd1 Rhe8 21. g3 Re6 22. Qb3 Qe7 23. Be3 Re8 24. Qd3 Re5 25. Qd4 b6 26. Qc4 Rxd5 27. Rxd5 Qe6 28. Qc6 b5 29. Rxd6 1-0

[Event "Kouty nad Desnou op-A"]
[Site "Kouty nad Desnou"]
[Date "2015.03.14"]
[Round "9"]
[White "Sobek, Michal"]
[Black "Homolkova, Ivana"]
[Result "1-0"]
[WhiteElo "1676"]
[BlackElo "1504"]
[PlyCount "63"]
[EventDate "2015.03.07"]
[EventType "swiss"]
[EventRounds "9"]
[EventCountry "CZE"]
[SourceTitle "EXT 2017"]
[Source "ChessBase"]
[SourceDate "2016.10.25"]
[SourceVersion "1"]
[SourceVersionDate "2016.10.25"]
[SourceQuality "1"]

1. e4 e5 2. Nf3 Nc6 3. Bb5 a6 4. Ba4 Nf6 5. 0-0 b5 6. Bb3 Be7 7. Re1 0-0 8. a4 Bb7 9. d3 d6 10. c3 Na5 11. Bc2 c5 12. Nbd2 Re8 13. Nf1 g6 14. Ng3 Bf8 15. h3 Bg7 16. Nh2 Qd7 17. f4 Nc6 18. f5 Kh8 19. Ng4 Rf8 20. Bg5 Nxg4 21. Qxg4 Rfe8 22. Qh4 Na5 23. f6 Bf8 24. Nf1 Qe6 25. Nh2 Nc6 26. Nf3 b4 27. Bc1 h5 28. g4 Kg8 29. gxh5 gxh5 30. Qg5+ Kh8 31. Qxh5+ Kg8 32. Ng5 1-0

[Event "Kouty nad Desnou op-A"]
[Site "Kouty nad Desnou"]
[Date "2015.03.11"]
[Round "6"]
[White "Homolkova, Ivana"]
[Black "Lhotsky, Zdenek"]
[Result "0-1"]
[WhiteElo "1504"]
[BlackElo "1636"]
[PlyCount "72"]
[EventDate "2015.03.07"]
[EventType "swiss"]
[EventRounds "9"]
[EventCountry "CZE"]
[SourceTitle "EXT 2017"]
[Source "ChessBase"]
[SourceDate "2016.10.25"]
[SourceVersion "1"]
[SourceVersionDate "2016.10.25"]
[SourceQuality "1"]

1. e4 c5 2. d4 cxd4 3. c3 dxc3 4. Nxc3 d6 5. Nf3 e5 6. Bc4 h6 7. 0-0 Nc6 8. Qe2 Be6 9. Nd5 Bxd5 10. Bxd5 Nf6 11. Bc4 Be7 12. Rd1 Qc7 13. Bd2 0-0 14. Rac1 Qd7 15. Bc3 Qg4 16. Re1 Rfd8 17. h3 Qg6 18. Nh4 Qh5 19. Nf3 Rac8 20. Qc2 b5 21. Be2 Qg6 22. Ba5 Nxa5 23. Qxc8 Rxc8 24. Rxc8+ Kh7 25. Bxb5 Nh5 26. Kh2 Qe6 27. Rc7 Bd8 28. Rxa7 Nc4 29. Bd7 Qf6 30. b3 Nb2 31. Be8 Nd3 32. Re2 Bb6 33. Rxf7 Qe6 34. Rf8 Qe7 35. Bxh5 Qxf8 36. Kg1 Nf4 0-1

[Event "CZE-ch U16 Girls"]
[Site "Kouty nad Desnou"]
[Date "2014.03.08"]
[Round "1"]
[White "Homolkova, Ivana"]
[Black "Kubosova, Jana"]
[Result "0-1"]
[WhiteElo "1341"]
[BlackElo "1653"]
[PlyCount "52"]
[EventDate "2014.03.08"]
[EventType "swiss"]
[EventRounds "9"]
[EventCountry "CZE"]
[SourceTitle "EXT 2015"]
[Source "ChessBase"]
[SourceDate "2014.11.20"]
[SourceVersion "1"]
[SourceVersionDate "2014.11.20"]
[SourceQuality "1"]

1. e4 c5 2. Nf3 e6 3. d4 cxd4 4. Nxd4 Nf6 5. Nc3 Nc6 6. Be3 Bb4 7. Bd3 d5 8. Nxc6 bxc6 9. exd5 cxd5 10. Bb5+ Bd7 11. 0-0 0-0 12. Bxd7 Qxd7 13. Bd4 Be7 14. Re1 Rac8 15. Re3 Rfd8 16. Qf3 Rc4 17. Rd1 Ne4 18. Qg4 f6 19. Nxe4 dxe4 20. Rg3 Bc5 21. Qxg7+ Qxg7 22. Rxg7+ Kxg7 23. Bxf6+ Kxf6 24. Rxd8 Rxc2 25. h3 Bxf2+ 26. Kh2 e3 0-1